Neogene and quaternary history of vegetation, climate, and plant diversity in Amazonia (Registro nro. 10465)

Detalles MARC
000 -CABECERA
Campo de control 005560000a22001810004500
090 ## - CLASIFICACIÓN LOCAL
Colección AR
Consecutivo 01380
041 0# - IDIOMA
Código de idioma para texto/pista de sonido o título separado
100 1# - ASIENTO PRINCIPAL--NOMBRE PERSONAL
Nombre personal Hammen, Thomas van der
245 10 - MENCION DE TITULO
Título Neogene and quaternary history of vegetation, climate, and plant diversity in Amazonia
650 14 - ASIENTO SECUNDARIO DE MATERIA - TERMINO TEMATICO
Término temático o nombre geográfico como elemento de entrada Palinología
650 14 - ASIENTO SECUNDARIO DE MATERIA - TERMINO TEMATICO
Término temático o nombre geográfico como elemento de entrada Vegetación
650 14 - ASIENTO SECUNDARIO DE MATERIA - TERMINO TEMATICO
Término temático o nombre geográfico como elemento de entrada Ecología
650 14 - ASIENTO SECUNDARIO DE MATERIA - TERMINO TEMATICO
Término temático o nombre geográfico como elemento de entrada PaleoClimas
651 #4 - ASIENTO SECUNDARIO DE MATERIA - NOMBRE GEOGRAFICO
-- Amazonia
700 1# - ASIENTO SECUNDARIO - NOMBRE PERSONAL
Nombre personal Hooghiemstra, Henry
773 1# - Item fuente:
Título Quaternary of Colombia
Especificación de materiales 938
Descripción física 19
Paginas del Articulo 725-742
Lugar, editorial y fecha de publicación 2000
942 ## - ELEMENTOS ADICIONALES (KOHA)
Tipo de ítem Artículo
Existencias
Withdrawn status Lost status Damaged status No para préstamo Colección Ubicación Permanente Ubicación actual Fecha de adquisición Fuente de Valor Datos de publicación Seriada Total Checkouts Número topográfico Inventario / Código de Barras Date last seen Ejemplar Price effective from Forma de adquisición Tipo de material
      No para Préstamo Hemeroteca Bogotá Bogotá 27/02/2015 Ferreira Miani, Paola Fuera de circulación   AR 01380 011732 25/03/2015 1 25/03/2015   Artículo